[Event "IX MIEDZYNARODOWY TURNIEJ SZACHOWY - GORA SW. ANNY 2016 - Open A"]
[Site "Gora Sw. Anny"]
[Date "1899-12-30"]
[Round "7.13"]
[White "Chmiel, Piotr"]
[Black "Kokoszczynski, Jan"]
[Result "1-0"]
[WhiteTitle "I+"]
[BlackTitle "k"]
[WhiteElo "1914"]
[BlackElo "2121"]

1. e4 c5 2. Nf3 d6 3. d4 cxd4 4. Nxd4 Nf6 5. Nc3 a6 6. Bg5 Nbd7 7. Qd2 e6 8. Bc4
Ne5 9. Bb3 Qc7 10. O-O-O h6 11. Bxf6 gxf6 12. f4 Nc6 13. f5 Nxd4 14. Qxd4 Be7
15. g4 Bd7 16. h4 O-O-O 17. Rh3 Kb8 18. Na4 Bxa4 19. Qxa4 d5 20. exd5 exd5 21.
Bxd5 Qe5 22. Rhd3 Bc5 23. Qb3 b6 24. Qa4 Qf4+ 1-0

[Event "IX MIEDZYNARODOWY TURNIEJ SZACHOWY - GORA SW. ANNY 2016 - Open A"]
[Site "Gora Sw. Anny"]
[Date "1899-12-30"]
[Round "7.14"]
[White "Korpalski, Maciej"]
[Black "Janocha, Jan"]
[Result "1/2-1/2"]
[WhiteTitle "I"]
[BlackTitle "I"]
[WhiteElo "1901"]
[BlackElo "1744"]

1. e4 e6 2. d3 d5 3. Nd2 Nf6 4. Ngf3 c5 5. g3 Nc6 6. Bg2 Be7 7. O-O Qc7 8. Re1
dxe4 9. dxe4 e5 10. c3 Bg4 11. Nc4 Rd8 12. Qe2 O-O 13. Ne3 Bc8 14. Nh4 Rfe8 15.
Nef5 a6 16. Bg5 b5 17. h3 c4 18. Qe3 Rd3 19. Qc1 Qd8 20. Bf1 Rd7 21. Bh6 Nh5 22.
Be2 Bxh4 23. Nxh4 gxh6 24. Bxh5 Qg5 25. Bg4 Rd3 26. Bxc8 Rxc8 27. Nf5 Kf8 28.
h4 Qxc1 29. Raxc1 h5 30. Red1 Rcd8 31. Ne3 Rd2 32. Rxd2 Rxd2 33. Rc2 Rd3 34. Kf1
Nd8 35. Ke2 Rd6 36. b3 cxb3 37. axb3 Ne6 38. b4 Rc6 39. Ra2 Rxc3 40. Rxa6 Nd4+
41. Kf1 Rc1+ 42. Kg2 Rb1 43. Ra8+ Kg7 44. Re8 Rxb4 45. Rxe5 Rb1 46. Rd5 Ne6 47.
Nf5+ Kf6 48. Nd6 b4 49. e5+ Kg6 50. f4 f5 51. exf6 Kxf6 52. Ne4+ Ke7 53. f5 Nf8
54. Rb5 Nd7 55. Rb7 Kd8 56. f6 b3 57. f7 Nf8 58. Nc3 Rb2+ 59. Kf3 Rc2 60. Rxb3
Ke7 61. Rb7+ Ke6 62. Ne4 Rc8 63. Kf4 Rd8 64. Ng5+ Kf6 65. Rb6+ Kg7 66. Re6 h6
67. Re8 hxg5+ 68. Kxg5 Rd5+ 69. Kf4 Kxf7 70. Ra8 Nd7 71. Ra4 Kg6 72. g4 Nf6 73.
gxh5+ Rxh5 74. Kg3 Rf5 75. Rb4 Kh5 76. Ra4 Rc5 77. Rf4 Rc3+ 78. Rf3 Ne4+ 79. Kf4
Rc4 80. Ke5 Ra4 81. Rf4 Nc5 82. Rxa4 Nxa4 83. Kf5 1/2-1/2

[Event "IX MIEDZYNARODOWY TURNIEJ SZACHOWY - GORA SW. ANNY 2016 - Open A"]
[Site "Gora Sw. Anny"]
[Date "1899-12-30"]
[Round "8.1"]
[White "Hnydiuk, Aleksander"]
[Black "Gajek, Radoslaw"]
[Result "1-0"]
[WhiteTitle "IM"]
[BlackTitle "IM"]
[WhiteElo "2341"]
[BlackElo "2432"]

1. d4 d6 2. e4 Nf6 3. Nc3 e5 4. Nf3 exd4 5. Nxd4 Be7 6. g3 d5 7. e5 Ng4 8. Bg2
c6 9. f4 O-O 10. h3 Nh6 11. O-O f6 12. exf6 Bxf6 13. Be3 Na6 14. Qd2 Nc7 15. Rad1
Re8 16. Bf2 Nf5 17. g4 Bxd4 18. Bxd4 Nxd4 19. Qxd4 Ne6 20. Qf2 Qb6 21. Na4 Qxf2+
22. Rxf2 g5 23. fxg5 Nxg5 24. Nc5 b6 25. Nd3 Re3 26. Nf4 Be6 27. Rdf1 Bf7 28.
h4 Ne4 29. Rf3 Rxf3 30. Rxf3 Nd6 31. Nd3 Re8 32. Rf6 Re6 33. Rxe6 Bxe6 34. Bf3
a5 35. Kf2 Kg7 36. Ke3 Kf6 37. Kf4 c5 38. Ne5 d4 39. a3 b5 40. g5+ Ke7 41. Nc6+
Kd7 42. Nxa5 Kc7 43. h5 Bf5 44. Nb7 Bxc2 45. Nxd6 Kxd6 46. Be4 Kd5 1-0

[Event "IX MIEDZYNARODOWY TURNIEJ SZACHOWY - GORA SW. ANNY 2016 - Open A"]
[Site "Gora Sw. Anny"]
[Date "1899-12-30"]
[Round "8.4"]
[White "Kanicki, Krzysztof"]
[Black "Dobrowolski, Piotr"]
[Result "0-1"]
[WhiteTitle "k"]
[BlackTitle "IM"]
[WhiteElo "2178"]
[BlackElo "2430"]

1. e4 e6 2. d4 d5 3. Nd2 Be7 4. Ngf3 Nf6 5. Bd3 c5 6. dxc5 O-O 7. O-O a5 8. exd5
exd5 9. Nd4 Bxc5 10. N2b3 Bb6 11. a4 Nc6 12. Nxc6 bxc6 13. Bg5 Qd6 14. Qf3 Ng4
15. Bf4 Qf6 16. h3 g5 17. Bd2 Qxf3 18. gxf3 Ne5 19. Kg2 f6 20. Be3 Bc7 21. Nd4
Bd7 22. Bf5 Bxf5 23. Nxf5 Ng6 24. b3 Rfe8 25. Rfd1 Re5 26. Nd4 c5 27. Nb5 Bb6
28. c3 Nh4+ 29. Kg3 Nf5+ 30. Kg4 Kf7 31. f4 Rxe3 32. fxe3 Nxe3+ 33. Kh5 gxf4 34.
Rg1 Rd8 35. Kh6 f3 36. Ra2 Nf5+ 37. Kxh7 c4 38. Rf1 cxb3 39. Rb2 Rg8 40. Rxf3
Rg7+ 41. Kh8 Rg6 42. Nd6+ Nxd6 43. Kh7 Rg5 44. Rxb3 Rh5# 0-1

[Event "IX MIEDZYNARODOWY TURNIEJ SZACHOWY - GORA SW. ANNY 2016 - Open A"]
[Site "Gora Sw. Anny"]
[Date "1899-12-30"]
[Round "8.5"]
[White "Kosakowski, Jakub"]
[Black "Kocheev, Aleksandr"]
[Result "0-1"]
[WhiteTitle "k"]
[BlackTitle "m"]
[WhiteElo "2253"]
[BlackElo "2360"]

1. e4 Nf6 2. e5 Nd5 3. d4 d6 4. Nf3 c6 5. Be2 Bg4 6. h3 Bxf3 7. Bxf3 dxe5 8. dxe5
e6 9. O-O Nd7 10. Qe2 Qc7 11. Re1 Bc5 12. c3 O-O 13. Nd2 Nf4 14. Qe4 Ng6 15. Nc4
Rad8 16. Bg5 Be7 17. Bxe7 Nxe7 18. Rad1 Nd5 19. Nd6 f6 20. Nc4 b5 21. exf6 bxc4
22. Qxe6+ Rf7 23. Bxd5 cxd5 24. Qxd5 Qb6 25. Re6 Nf8 26. Rxb6 Rxd5 27. Rxd5 axb6
28. fxg7 Kxg7 29. Rb5 Rf6 30. b3 cxb3 31. axb3 Nd7 32. f3 Rd6 33. b4 Rc6 34. Rd5
Nf6 35. Rd3 Kf7 36. Kf2 Ke6 37. Ke2 Nd5 38. Kd2 Nf4 39. Re3+ Kf5 40. g4+ Kg5 41.
Re5+ Kh4 42. Ke3 Kg3 43. Kd4 Rd6+ 44. Kc4 Nxh3 45. Kb5 Ng1 46. Rh5 Ne2 47. Rxh7
Nxc3+ 48. Ka6 Nd5 49. b5 Kxf3 50. g5 Kf4 51. Rh6 Rd7 52. Rxb6 Nxb6 53. Kxb6 Ke5
54. Kc6 Rd6+ 55. Kc7 Kd5 0-1

[Event "IX MIEDZYNARODOWY TURNIEJ SZACHOWY - GORA SW. ANNY 2016 - Open A"]
[Site "Gora Sw. Anny"]
[Date "1899-12-30"]
[Round "8.6"]
[White "Piotrowski, Przemyslaw"]
[Black "Kantans, Toms"]
[Result "0-1"]
[WhiteTitle "k"]
[BlackTitle "IM"]
[WhiteElo "2205"]
[BlackElo "2513"]

1. Nf3 f5 2. b3 Nf6 3. Bb2 e6 4. e3 d5 5. c4 c6 6. Be2 Bd6 7. O-O O-O 8. d4 Qe7
9. a4 a5 10. Ba3 Nbd7 11. Bxd6 Qxd6 12. g3 Ne4 13. Qc2 b6 14. Rd1 Bb7 15. Qb2
g5 16. Nbd2 Qe7 17. h4 h6 18. hxg5 hxg5 19. Nxe4 fxe4 20. Ne5 Nxe5 21. dxe5 c5
22. Rd2 Rf3 23. Qc2 g4 24. Rad1 Qh7 25. Bf1 Raf8 26. Bg2 Qf5 27. Qb2 Qh5 28. Qa1
R3f5 0-1

[Event "IX MIEDZYNARODOWY TURNIEJ SZACHOWY - GORA SW. ANNY 2016 - Open A"]
[Site "Gora Sw. Anny"]
[Date "1899-12-30"]
[Round "8.7"]
[White "Teclaf, Pawel"]
[Black "Licznerski, Lukasz"]
[Result "1/2-1/2"]
[WhiteTitle "CM"]
[BlackTitle "FM"]
[WhiteElo "2170"]
[BlackElo "2308"]

1. e4 e6 2. d4 d5 3. Nd2 dxe4 4. Nxe4 Nd7 5. Nf3 Ngf6 6. Bg5 Be7 7. Nxf6+ Nxf6
8. Bd3 c5 9. Qe2 Qa5+ 10. c3 cxd4 11. Bb5+ Bd7 12. Bxd7+ Nxd7 13. Bxe7 Kxe7 14.
Nxd4 Rhd8 15. O-O Nf6 16. f4 Kf8 17. Rae1 Re8 18. a3 Rad8 19. Qc4 Qb6 20. Qb4+
Qxb4 21. axb4 a6 22. Ra1 Nd5 23. b5 axb5 24. Nxb5 Ne3 25. Rf2 Ra8 26. Re1 Ng4
27. Rfe2 Red8 28. Nd4 g6 29. h3 Nf6 30. g4 Ra2 31. f5 exf5 32. gxf5 g5 33. Kf2
Rd6 34. Kf3 Nd5 35. Rd2 Rb6 36. c4 Ne7 37. Rde2 Nc6 38. Nb5 Kg7 39. Rd2 Na5 40.
Nd6 Rbxb2 41. Rxb2 Rxb2 42. Re7 Kf6 43. Rxf7+ Ke5 44. c5 Nc6 45. Rxb7 Rxb7 46.
Nxb7 Kxf5 47. Nd6+ Ke5 48. Kg4 Kd5 49. Kxg5 Kxc5 50. Ne4+ Kd5 51. Nf6+ Ke6 52.
Nxh7 Kf7 53. h4 Ne5 54. h5 Kg7 55. Nf6 Nf3+ 56. Kf5 Nd4+ 57. Ke5 Nf3+ 58. Kf5
Nd4+ 59. Ke4 Kxf6 60. Kxd4 1/2-1/2

[Event "IX MIEDZYNARODOWY TURNIEJ SZACHOWY - GORA SW. ANNY 2016 - Open A"]
[Site "Gora Sw. Anny"]
[Date "1899-12-30"]
[Round "8.8"]
[White "Kowalski, Igor"]
[Black "Grela, Kacper"]
[Result "0-1"]
[WhiteTitle "k"]
[BlackTitle "FM"]
[WhiteElo "2121"]
[BlackElo "2283"]

1. e4 c5 2. Nf3 Nc6 3. Bb5 Nf6 4. Nc3 g6 5. Bxc6 dxc6 6. d3 Bg7 7. h3 O-O 8. Be3
b6 9. Qd2 e5 10. O-O-O Qd6 11. Bh6 Be6 12. g4 a5 13. Kb1 a4 14. Ne2 Ne8 15. Ng3
f6 16. Be3 Bf7 17. Ne2 Nc7 18. Rdg1 Qe6 19. Nc1 Na6 20. Nh4 Kh8 21. Rg3 Nb4 22.
a3 Na6 23. Rhg1 Qe7 24. Bh6 Rg8 25. Bxg7+ Rxg7 26. g5 Nc7 27. gxf6 Qxf6 28. Qg5
Qxf2 29. Qxe5 Re8 0-1

[Event "IX MIEDZYNARODOWY TURNIEJ SZACHOWY - GORA SW. ANNY 2016 - Open A"]
[Site "Gora Sw. Anny"]
[Date "1899-12-30"]
[Round "8.9"]
[White "Lizak, Jakub"]
[Black "Zylka, Stanislaw"]
[Result "1/2-1/2"]
[WhiteTitle "k"]
[BlackTitle "k"]
[WhiteElo "2247"]
[BlackElo "2080"]

1. e4 e5 2. Nf3 Nc6 3. Bb5 a6 4. Bxc6 dxc6 5. O-O f6 6. d4 Bg4 7. c3 Qe7 8. dxe5
fxe5 9. Nbd2 O-O-O 10. Qe2 Nf6 11. Re1 Qe8 12. Nc4 Bc5 13. Be3 Bxe3 14. Qxe3 Bxf3
15. Qxf3 Rf8 16. Rad1 Qe6 17. Rxd8+ Rxd8 18. b3 b5 19. Nb2 Rd2 20. Re2 Qd7 21.
h3 Kb7 22. Qe3 Rd6 23. Qf3 Rd2 24. Kf1 Rd6 25. Ke1 g6 26. Re3 Qe7 27. Nd3 Nd7
28. Qe2 c5 29. g3 Qe6 30. Qg4 Qg8 31. Nb2 Kc6 32. h4 Nf6 33. Qe2 Qe6 34. Qf3 Nd7
35. Rd3 Nf6 36. c4 Rd4 37. Rxd4 cxd4 38. a4 b4 39. a5 Nd7 40. Nd3 Qe7 41. h5 Kb7
42. hxg6 hxg6 43. Qg4 Nc5 44. Nc1 Qh7 45. Qh4 Qf7 46. Qd8 1/2-1/2

[Event "IX MIEDZYNARODOWY TURNIEJ SZACHOWY - GORA SW. ANNY 2016 - Open A"]
[Site "Gora Sw. Anny"]
[Date "1899-12-30"]
[Round "8.10"]
[White "Czopor, Maciej"]
[Black "Smieszek, Wojciech"]
[Result "0-1"]
[WhiteTitle "I+"]
[BlackTitle "k"]
[WhiteElo "1906"]
[BlackElo "2109"]

1. e4 c5 2. Nf3 g6 3. d4 cxd4 4. Nxd4 Nc6 5. c4 Bg7 6. Be3 Nf6 7. Nc3 Ng4 8. Qxg4
Nxd4 9. Qd1 Ne6 10. Qd2 Qa5 11. Rc1 b6 12. b3 Bb7 13. f3 g5 14. Be2 Be5 15. Nd5
Qxd2+ 16. Kxd2 h5 17. a4 h4 18. a5 bxa5 19. Rc2 Bc6 20. Ra2 Rb8 21. Kc2 a4 22.
bxa4 Nd4+ 23. Bxd4 Bxd4 24. Nc7+ Kf8 25. Nb5 Bc5 26. Rb1 h3 27. g3 Kg7 28. a5
g4 29. a6 f5 30. exf5 gxf3 31. Bd3 Kf6 32. Raa1 Rbg8 33. Nc3 Bd4 34. Ra5 Bxc3
35. Kxc3 Rb8 36. Rf1 d6 37. Rf2 Rb6 38. Kd4 Rg8 39. Ra1 Rb3 40. Rd2 Rg4+ 41. Ke3
Rxc4 42. Kf2 Rxd3 43. Rxd3 Rc2+ 44. Ke3 Re2+ 45. Kd4 Rxh2 46. Rc3 Rd2+ 47. Ke3
Re2+ 48. Kd4 Re4+ 49. Kd3 f2 50. Kd2 h2 51. Rxc6 Re1 52. Rcc1 h1=Q 0-1

[Event "IX MIEDZYNARODOWY TURNIEJ SZACHOWY - GORA SW. ANNY 2016 - Open A"]
[Site "Gora Sw. Anny"]
[Date "1899-12-30"]
[Round "8.11"]
[White "Kokoszczynski, Jan"]
[Black "Praczukowski, Stanislaw"]
[Result "1/2-1/2"]
[WhiteTitle "k"]
[BlackTitle "I++"]
[WhiteElo "2121"]
[BlackElo "2003"]

1. d4 Nf6 2. c4 g6 3. Nc3 d5 4. cxd5 Nxd5 5. e4 Nxc3 6. bxc3 Bg7 7. Nf3 c5 8. Rb1
O-O 9. Be2 cxd4 10. cxd4 Qa5+ 11. Bd2 Qxa2 12. O-O Bg4 13. Be3 Nc6 14. Rxb7 Rab8
15. Rxb8 Rxb8 16. h3 Bxf3 17. Bxf3 e6 18. e5 Ne7 19. Qa1 Qxa1 20. Rxa1 Nf5 21.
Rxa7 h5 22. Be4 Nxe3 23. fxe3 Rb3 24. d5 Bxe5 25. dxe6 fxe6 26. Kf2 g5 27. Re7
Rb6 28. Rb7 Rxb7 29. Bxb7 h4 30. Kf3 Kf7 31. Bc6 Kf6 32. Be4 Ba1 33. Bb1 Be5 34.
Be4 Ba1 35. Bh7 Bb2 36. Bd3 Ba3 37. Ke4 Bd6 38. Be2 Bh2 39. Bg4 Bg1 40. Bd1 Bh2
1/2-1/2

[Event "IX MIEDZYNARODOWY TURNIEJ SZACHOWY - GORA SW. ANNY 2016 - Open A"]
[Site "Gora Sw. Anny"]
[Date "1899-12-30"]
[Round "8.12"]
[White "Janocha, Jan"]
[Black "Kalinowska, Zuzanna"]
[Result "0-1"]
[WhiteTitle "I"]
[BlackTitle "k"]
[WhiteElo "1744"]
[BlackElo "1854"]

1. e4 c5 2. Nc3 e6 3. f4 a6 4. Nf3 Nf6 5. Be2 Be7 6. d3 d5 7. exd5 exd5 8. O-O
O-O 9. d4 Nc6 10. Kh1 Re8 11. dxc5 Bxc5 12. h3 Bf5 13. a3 Ba7 14. Kh2 d4 15. Na2
Qc7 16. Bd3 Be4 17. Nb4 Nxb4 18. axb4 Nd5 19. Ne5 Bxd3 20. Nxd3 Rac8 21. Rf2 Re6
22. Ra5 b5 23. g3 Nxb4 24. Ra3 Nxc2 25. Ra2 Ne3 26. Qb3 Nc4 27. Bd2 Rce8 28. Qd1
Qb7 29. b3 Ne3 30. Qg1 Ng4+ 0-1

[Event "IX MIEDZYNARODOWY TURNIEJ SZACHOWY - GORA SW. ANNY 2016 - Open A"]
[Site "Gora Sw. Anny"]
[Date "1899-12-30"]
[Round "8.13"]
[White "Chmiel, Piotr"]
[Black "Smal, Tobiasz"]
[Result "0-1"]
[WhiteTitle "I+"]
[BlackTitle "k"]
[WhiteElo "1914"]
[BlackElo "2006"]

1. e4 c5 2. Nf3 d6 3. d4 cxd4 4. Nxd4 Nf6 5. Nc3 a6 6. Be2 e5 7. Nf3 Be7 8. O-O
O-O 9. Qd3 h6 10. a4 Be6 11. Rd1 Nc6 12. b3 Qa5 13. Na2 Rfd8 14. c4 b5 15. cxb5
axb5 16. Bd2 Qc7 17. axb5 Na5 18. Bxa5 Qxa5 19. Nd2 d5 20. exd5 Rxd5 21. Qc2 Rad8
22. Nf1 Rxd1 23. Rxd1 Rxd1 24. Bxd1 Qxb5 25. Nc3 Qb4 26. h3 Bc5 27. Na2 Qa5 28.
Nd2 Bd5 29. Nc3 Be6 30. Nf3 Bxf2+ 31. Kxf2 Qxc3 32. Qxc3 Ne4+ 33. Ke3 Nxc3 34.
Bc2 f6 35. Nd2 Kf7 36. Nc4 Nd5+ 37. Ke2 Nf4+ 38. Kf2 Bxc4 39. bxc4 Ke6 40. h4
Kd6 41. g3 Ne6 42. Be4 Kc5 43. Bd5 Nc7 44. Bf7 Kd4 45. Ke2 Na6 46. h5 Nc5 47.
Bg8 Ne4 48. g4 Nd6 49. c5 Kxc5 50. Ke3 Nb5 51. Kd3 Nd4 52. Ke4 Kb4 53. Kd3 Ka3
54. Kc4 Kb2 55. Bh7 Nf3 56. Kd5 Kc3 57. Kd6 Ng5 58. Bf5 Kd4 59. Ke7 e4 60. Bc8
Ke5 61. Kf8 Ne6+ 62. Kf7 e3 63. Ba6 f5 64. gxf5 Kxf5 65. Bc4 Nf4 66. Kxg7 Kg5
0-1

[Event "IX MIEDZYNARODOWY TURNIEJ SZACHOWY - GORA SW. ANNY 2016 - Open A"]
[Site "Gora Sw. Anny"]
[Date "1899-12-30"]
[Round "8.14"]
[White "Korpalski, Maciej"]
[Black "Domanski, Lukasz"]
[Result "0-1"]
[WhiteTitle "I"]
[BlackTitle "I++"]
[WhiteElo "1901"]
[BlackElo "1975"]

1. e4 e5 2. Nf3 d6 3. d4 exd4 4. Nxd4 g6 5. Nc3 Bg7 6. Be3 Nf6 7. Qd2 O-O 8. O-O-O
Re8 9. f3 Nc6 10. g4 a6 11. h4 Ne5 12. Be2 b5 13. h5 c5 14. Nb3 c4 15. Nd4 b4
16. Nb1 c3 17. bxc3 Nexg4 18. hxg6 hxg6 19. fxg4 Nxe4 20. Qd3 Nc5 21. Qd2 Ne4
22. Qe1 bxc3 23. Bf3 Qa5 24. a3 Rb8 25. Nb3 Qa4 26. Bd4 Nd2 27. Qxe8+ Qxe8 28.
N1xd2 Bxd4 29. Nc4 Bg7 30. Rxd6 Be6 31. Bc6 Qe7 32. Re1 Qg5+ 33. Ne3 Bxb3 34.
cxb3 Qc5 35. Nc4 Qf2 36. Rh1 Rxb3 37. Rd8+ Bf8 38. Bd5 Kg7 39. Rd7 Bxa3+ 40. Nxa3
Qd2# 0-1

[Event "IX MIEDZYNARODOWY TURNIEJ SZACHOWY - GORA SW. ANNY 2016 - Open A"]
[Site "Gora Sw. Anny"]
[Date "1899-12-30"]
[Round "9.1"]
[White "Kocheev, Aleksandr"]
[Black "Hnydiuk, Aleksander"]
[Result "0-1"]
[WhiteTitle "m"]
[BlackTitle "IM"]
[WhiteElo "2360"]
[BlackElo "2341"]

1. e4 c5 2. Nf3 Nc6 3. c3 d5 4. exd5 Qxd5 5. d4 Bf5 6. Na3 cxd4 7. Bc4 Qe4+ 8.
Kf1 e6 9. cxd4 Bxa3 10. bxa3 Nf6 11. Bg5 O-O 12. Qe2 Rac8 13. Be3 Na5 14. Bb3
Nxb3 15. axb3 Bg4 16. h3 Rc2 17. Qd1 Bxf3 18. Qxf3 Qxf3 19. gxf3 Nd5 20. Ke1 Rfc8
21. b4 Kf8 22. Kd1 Rb2 23. Rc1 Rxc1+ 24. Kxc1 Ra2 25. Kb1 Nc3+ 0-1

[Event "IX MIEDZYNARODOWY TURNIEJ SZACHOWY - GORA SW. ANNY 2016 - Open A"]
[Site "Gora Sw. Anny"]
[Date "1899-12-30"]
[Round "9.2"]
[White "Dobrowolski, Piotr"]
[Black "Kovalev, Vladislav"]
[Result "1/2-1/2"]
[WhiteTitle "IM"]
[BlackTitle "GM"]
[WhiteElo "2430"]
[BlackElo "2558"]

1. e4 c5 2. Nf3 d6 3. d4 cxd4 4. Nxd4 Nf6 5. Nc3 g6 6. Be3 Bg7 7. Be2 O-O 8. Qd2
Nc6 9. O-O-O Bd7 10. h4 h5 11. f3 Rc8 12. g4 Ne5 13. gxh5 Nxh5 14. f4 Nc4 15.
Bxc4 Rxc4 16. f5 Qa5 17. Rhg1 Rxc3 18. Qxc3 Qxc3 19. bxc3 Kh7 20. Bg5 Nf6 21.
Rde1 Rc8 22. Kd2 Rc5 23. Rg2 Re5 24. Bxf6 Bxf6 25. h5 gxf5 26. exf5 Rc5 27. Rf1
b5 28. a3 Rc4 29. Re2 a5 30. Rfe1 b4 31. axb4 axb4 32. Rxe7 bxc3+ 33. Kc1 Bg5+
34. Kb1 Bxe7 35. Rxe7 Ba4 36. Ne2 Kh6 37. Rxf7 Rb4+ 38. Kc1 Rb2 39. Nd4 Rb4 40.
Rf6+ Kxh5 41. Rxd6 Kg5 42. f6 Kg6 43. Nf3 Rb2 44. Nd4 Ra2 45. Kd1 Ra1+ 46. Ke2
Rc1 47. Kd3 Bxc2+ 48. Kxc3 Be4+ 49. Kd2 Rf1 1/2-1/2

[Event "IX MIEDZYNARODOWY TURNIEJ SZACHOWY - GORA SW. ANNY 2016 - Open A"]
[Site "Gora Sw. Anny"]
[Date "1899-12-30"]
[Round "9.3"]
[White "Kislinsky, Alexey"]
[Black "Gajek, Radoslaw"]
[Result "1-0"]
[WhiteTitle "GM"]
[BlackTitle "IM"]
[WhiteElo "2475"]
[BlackElo "2432"]

1. e4 d6 2. Nc3 Nf6 3. f4 g6 4. d4 Bg7 5. Nf3 c5 6. Bb5+ Bd7 7. Bxd7+ Nfxd7 8.
Be3 Nc6 9. d5 Na5 10. Qe2 Qb6 11. O-O O-O 12. Rab1 Bxc3 13. bxc3 Qa6 14. Qf2 Nf6
15. Qh4 Nxe4 16. f5 Qc4 17. Qh6 Qxc3 18. Rbe1 gxf5 19. Bd4 cxd4 20. Rxe4 d3 21.
Re5 Qxe5 22. Nxe5 dxe5 23. Rf3 1-0

[Event "IX MIEDZYNARODOWY TURNIEJ SZACHOWY - GORA SW. ANNY 2016 - Open A"]
[Site "Gora Sw. Anny"]
[Date "1899-12-30"]
[Round "9.4"]
[White "Stupak, Kirill"]
[Black "Kovchan, Alexander"]
[Result "1-0"]
[WhiteTitle "GM"]
[BlackTitle "GM"]
[WhiteElo "2537"]
[BlackElo "2596"]

1. c4 g6 2. g3 c5 3. Bg2 Bg7 4. Nf3 Nc6 5. Nc3 d6 6. a3 e6 7. b4 Nge7 8. O-O O-O
9. Rb1 b6 10. Qc2 Bb7 11. d3 Qd7 12. b5 Nd4 13. Nxd4 Bxg2 14. Kxg2 cxd4 15. Ne4
d5 16. cxd5 Nxd5 17. Bb2 Rac8 18. Qb3 Nc3 19. Bxc3 dxc3 20. Rfc1 Qd5 21. Rc2 h6
22. f3 Rc7 23. Nf2 Rfc8 24. e3 Bf8 25. d4 Qg5 26. f4 Qe7 27. Nd1 g5 28. Rxc3 Rxc3
29. Nxc3 Qb7+ 30. Kf2 g4 31. e4 Rxc3 32. Qxc3 Qxe4 33. Rd1 Qd5 34. Qd3 Bg7 35.
Kg1 h5 36. a4 Bf6 37. h3 gxh3 38. Qe2 Qf5 39. Kh2 h4 40. Qd3 hxg3+ 41. Qxg3+ Kf8
42. Qf3 Qc2+ 43. Kxh3 Qh7+ 44. Kg2 Qc2+ 45. Kh1 Qh7+ 46. Kg1 Bxd4+ 47. Kf1 Bc5
48. Rd3 Ke7 49. f5 exf5 50. Qb7+ Kf6 51. Qc6+ Ke5 52. Kg2 Qg8+ 53. Rg3 Qd8 54.
Qh6 Qd5+ 55. Rf3 Qa2+ 56. Kh3 Qxa4 57. Qh8+ Ke6 58. Qc8+ Ke7 59. Qc7+ Ke6 60.
Qc8+ Ke7 61. Qxf5 Qc4 62. Qf6+ Ke8 63. Qc6+ Kf8 64. Qa8+ Kg7 65. Rg3+ Kf6 66.
Qf3+ Ke5 67. Rg5+ Kd6 68. Qc6+ Ke7 69. Re5+ Kf8 70. Qh6+ Kg8 71. Rg5# 1-0

[Event "IX MIEDZYNARODOWY TURNIEJ SZACHOWY - GORA SW. ANNY 2016 - Open A"]
[Site "Gora Sw. Anny"]
[Date "1899-12-30"]
[Round "9.5"]
[White "Kantans, Toms"]
[Black "Kanicki, Krzysztof"]
[Result "1-0"]
[WhiteTitle "IM"]
[BlackTitle "k"]
[WhiteElo "2513"]
[BlackElo "2178"]

1. e4 c5 2. Nf3 Nc6 3. d4 cxd4 4. Nxd4 Nf6 5. Nc3 d6 6. h3 g6 7. Be3 Bg7 8. Bc4
O-O 9. Bb3 Bd7 10. O-O Nxd4 11. Bxd4 Bc6 12. Qd3 Qa5 13. Rae1 Nd7 14. Bxg7 Kxg7
15. f4 Rad8 16. Nd5 e6 17. Nc3 Nc5 18. Qg3 Nxb3 19. axb3 Qc5+ 20. Kh1 f6 21. Qd3
b5 22. Ne2 e5 23. c3 a5 24. Ng3 exf4 25. Rxf4 Qe5 26. Qe3 Rde8 27. Ref1 Qc5 28.
Qd2 Re6 29. Rg4 Rf7 30. b4 axb4 31. cxb4 Qb6 32. Nf5+ Kh8 33. Nxd6 Rf8 34. Qh6
Qd8 35. Rxg6 Qe7 36. Nf5 Qf7 37. Rg7 Qe8 38. Qxh7# 1-0

[Event "IX MIEDZYNARODOWY TURNIEJ SZACHOWY - GORA SW. ANNY 2016 - Open A"]
[Site "Gora Sw. Anny"]
[Date "1899-12-30"]
[Round "9.6"]
[White "Grela, Kacper"]
[Black "Licznerski, Lukasz"]
[Result "1-0"]
[WhiteTitle "FM"]
[BlackTitle "FM"]
[WhiteElo "2283"]
[BlackElo "2308"]

1. e4 d6 2. d4 Nf6 3. Nc3 e5 4. Nf3 Nbd7 5. Bc4 Be7 6. O-O O-O 7. a4 c6 8. Re1
Qc7 9. Ba2 b6 10. h3 a6 11. dxe5 dxe5 12. Nh4 Nc5 13. Nf5 Bxf5 14. exf5 e4 15.
b4 Rad8 16. Qe2 Qe5 17. Bb2 Bd6 18. g3 Nb7 19. Qc4 Qxf5 20. Nxe4 Nxe4 21. Rxe4
Qxh3 22. Rg4 1-0

[Event "IX MIEDZYNARODOWY TURNIEJ SZACHOWY - GORA SW. ANNY 2016 - Open A"]
[Site "Gora Sw. Anny"]
[Date "1899-12-30"]
[Round "9.7"]
[White "Zylka, Stanislaw"]
[Black "Kosakowski, Jakub"]
[Result "1-0"]
[WhiteTitle "k"]
[BlackTitle "k"]
[WhiteElo "2080"]
[BlackElo "2253"]

1. e4 c5 2. Nf3 d6 3. d4 cxd4 4. Qxd4 Bd7 5. c4 Nc6 6. Qe3 g6 7. Be2 Bg7 8. Nc3
Nf6 9. h3 O-O 10. O-O Rc8 11. Rd1 a6 12. Rb1 Ne8 13. b3 b5 14. cxb5 Nb4 15. Bb2
Nc2 16. Qd2 Na3 17. bxa6 Nxb1 18. Rxb1 Nc7 19. b4 Na8 20. Nd5 e6 21. Bxg7 Kxg7
22. Ne3 Qc7 23. Ng4 f6 24. Rd1 Ba4 25. Nd4 Qe7 26. Re1 e5 27. Bb5 Bxb5 28. Nxb5
Rc6 29. Nc3 Nb6 30. b5 Rc5 31. a4 Rfc8 32. a5 Rxc3 33. axb6 R3c5 34. b7 Rd8 35.
Rb1 d5 36. Ne3 1-0

[Event "IX MIEDZYNARODOWY TURNIEJ SZACHOWY - GORA SW. ANNY 2016 - Open A"]
[Site "Gora Sw. Anny"]
[Date "1899-12-30"]
[Round "9.8"]
[White "Kalinowska, Zuzanna"]
[Black "Teclaf, Pawel"]
[Result "0-1"]
[WhiteTitle "k"]
[BlackTitle "CM"]
[WhiteElo "1854"]
[BlackElo "2170"]

1. d4 Nf6 2. Nf3 b6 3. e3 Bb7 4. Bd3 e6 5. O-O Be7 6. b3 c5 7. Bb2 O-O 8. Nbd2
cxd4 9. exd4 Nc6 10. a3 Re8 11. c4 d5 12. Rc1 dxc4 13. bxc4 Bd6 14. Re1 Na5 15.
Ne5 Bxe5 16. dxe5 Qxd3 17. exf6 Qg6 18. f3 Rad8 19. Qc2 gxf6 20. Ne4 e5 21. Qf2
f5 22. Ng3 Nb3 23. Rc2 f4 24. Nf1 Nc5 25. Rxe5 Rxe5 26. Bxe5 Nd3 27. Qh4 Re8 28.
Bc3 Bxf3 29. Qf6 Qxf6 30. Bxf6 Bg4 31. h3 Bf5 32. Bh4 Rc8 33. Nd2 b5 34. Rc3 a5
35. Be7 f3 36. gxf3 Nf4 37. Re3 bxc4 38. a4 c3 39. Nb3 Nd5 40. Re5 Nxe7 41. Rxe7
Be6 42. Nc1 Rc4 43. Kf2 Rxa4 44. Rc7 Rc4 45. Rxc4 Bxc4 46. Ke3 Be6 0-1

[Event "IX MIEDZYNARODOWY TURNIEJ SZACHOWY - GORA SW. ANNY 2016 - Open A"]
[Site "Gora Sw. Anny"]
[Date "1899-12-30"]
[Round "9.9"]
[White "Smieszek, Wojciech"]
[Black "Piotrowski, Przemyslaw"]
[Result "1-0"]
[WhiteTitle "k"]
[BlackTitle "k"]
[WhiteElo "2109"]
[BlackElo "2205"]

1. e4 c5 2. Nf3 d6 3. d4 cxd4 4. Nxd4 Nf6 5. Nc3 Nc6 6. Bc4 e6 7. Be3 a6 8. Qe2
Qc7 9. Bb3 Na5 10. f3 b5 11. a3 Bb7 12. g4 Nxb3 13. cxb3 g6 14. O-O-O Nd7 15.
Kb1 Nc5 16. Rc1 Qd7 17. Rhd1 Rc8 18. b4 Na4 19. Nxa4 bxa4 20. Rxc8+ Bxc8 21. b3
e5 22. Nc6 1-0

[Event "IX MIEDZYNARODOWY TURNIEJ SZACHOWY - GORA SW. ANNY 2016 - Open A"]
[Site "Gora Sw. Anny"]
[Date "1899-12-30"]
[Round "9.10"]
[White "Domanski, Lukasz"]
[Black "Lizak, Jakub"]
[Result "0-1"]
[WhiteTitle "I++"]
[BlackTitle "k"]
[WhiteElo "1975"]
[BlackElo "2247"]

1. e4 g6 2. d4 d6 3. Nc3 a6 4. a4 Bg7 5. Be3 Nc6 6. Bc4 Nf6 7. f3 Nb4 8. Bb3 O-O
9. Nge2 a5 10. Qd2 e5 11. Bh6 exd4 12. Nxd4 Nxe4 13. fxe4 Qh4+ 14. g3 Qxh6 15.
Qxh6 Bxh6 16. Ndb5 Be6 17. O-O Bxb3 18. cxb3 Be3+ 19. Kg2 Bb6 20. Rac1 Rae8 21.
Rfd1 f5 22. exf5 Rxf5 23. Rf1 Ref8 24. Rxf5 Rxf5 25. Nd1 Nd3 26. Rb1 Ne1+ 27.
Kh3 Rh5+ 28. Kg4 Rxh2 29. Rc1 Nd3 0-1

[Event "IX MIEDZYNARODOWY TURNIEJ SZACHOWY - GORA SW. ANNY 2016 - Open A"]
[Site "Gora Sw. Anny"]
[Date "1899-12-30"]
[Round "9.11"]
[White "Kowalski, Igor"]
[Black "Kokoszczynski, Jan"]
[Result "1/2-1/2"]
[WhiteTitle "k"]
[BlackTitle "k"]
[WhiteElo "2121"]
[BlackElo "2121"]

1. d4 Nf6 2. c4 g6 3. Nc3 Bg7 4. e4 d6 5. Nf3 O-O 6. Be2 Na6 7. Be3 Ng4 8. Bc1
Nf6 9. Be3 Ng4 10. Bc1 Nf6 11. Be3 Ng4 12. Bc1 Nf6 13. Be3 Ng4 1/2-1/2